[Event "EST-chT"]
[Site "Parnu/Tallinn"]
[Date "2001.04.06"]
[Round "?"]
[White "Nei, Iivo"]
[Black "Kulaots, Kaido"]
[Result "0-1"]
[WhiteElo "2379"]
[BlackElo "2519"]
[PlyCount "89"]
[EventDate "2001.04.06"]
[EventType "team"]
[EventRounds "8"]
[EventCountry "EST"]
[SourceTitle "CBM 081 Extra"]
[Source "ChessBase"]
[SourceDate "2001.05.06"]
[SourceVersion "1"]
[SourceVersionDate "2001.05.06"]
[SourceQuality "1"]

1. e4 c5 2. b3 Nf6 3. e5 Nd5 4. Bb2 Nc6 5. Nf3 e6 6. c4 Nf4 7. g3 Ng6 8. Bg2 d6 9. exd6 e5 10. h4 Bxd6 11. d3 0-0 12. Nc3 Nge7 13. Qd2 Bc7 14. Ne4 b6 15. a3 a5 16. Nc3 Bf5 17. Rd1 Qd7 18. Nb5 Rad8 19. Qc3 f6 20. 0-0 Bb8 21. Rd2 Qe8 22. Re1 Qg6 23. Bf1 Rd7 24. Qc2 Rfd8 25. Re3 Kh8 26. Bc1 Bg4 27. Nh2 Be6 28. Qd1 Nf5 29. Re4 Nfd4 30. Nxd4 Nxd4 31. Bg2 b5 32. Bb2 a4 33. Bxd4 cxd4 34. Re1 axb3 35. cxb5 Bc7 36. Rb2 Ba5 37. Ree2 Qf7 38. f4 exf4 39. gxf4 Bc3 40. f5 Bxf5 41. Rxb3 Bxd3 42. Rf2 Bc4 43. Rb1 d3 44. Kh1 d2 45. b6 0-1

[Event "Osterskars op"]
[Site "Osterskars"]
[Date "1995.??.??"]
[Round "5"]
[White "Nei, Iivo"]
[Black "Cramling, Pia"]
[Result "1/2-1/2"]
[WhiteElo "2410"]
[BlackElo "2510"]
[PlyCount "158"]
[EventDate "1995.08.??"]
[EventType "swiss"]
[EventRounds "9"]
[EventCountry "SWE"]
[SourceTitle "EXT 1997"]
[Source "ChessBase"]
[SourceDate "1996.11.15"]
[SourceVersion "1"]
[SourceVersionDate "1996.11.15"]
[SourceQuality "1"]

1. d4 Nf6 2. c4 c5 3. e3 g6 4. Nc3 Bg7 5. Nf3 0-0 6. Be2 cxd4 7. exd4 d5 8. 0-0 Nc6 9. h3 dxc4 10. Bxc4 Na5 11. Be2 Be6 12. Ne5 Rc8 13. Be3 Nd5 14. Nxd5 Bxd5 15. Qa4 a6 16. Rfd1 e6 17. Rac1 Nc6 18. Nxc6 Bxc6 19. Qb3 Qd7 20. Qb4 Rfd8 21. Qa5 Be4 22. Rc3 Bc6 23. Bf1 Bf6 24. Qb6 Be7 25. Rdc1 Qd5 26. a3 Ra8 27. b4 Bf6 28. Rc5 Bxd4 29. Bxd4 Qxd4 30. Qc7 Qd6 31. Qb6 Qf4 32. R5c4 Qf6 33. Qe3 Rd7 34. Be2 Bd5 35. R4c2 Rad8 36. a4 Qh4 37. b5 a5 38. Bc4 Bxc4 39. Rxc4 Rd1+ 40. Kh2 Qf6 41. Rxd1 Rxd1 42. Rc7 b6 43. Rc6 Qd4 44. Qxd4 Rxd4 45. Rxb6 Rxa4 46. Ra6 Kg7 47. b6 h5 48. b7 Rb4 49. Rxa5 Rxb7 50. h4 Rb2 51. Kg1 Kf6 52. g3 e5 53. Kg2 Kf5 54. Ra7 f6 55. Rg7 Rb6 56. Rg8 e4 57. Rg7 Re6 58. Ra7 g5 59. hxg5 Kxg5 60. Rg7+ Kh6 61. Rg8 Kh7 62. Rd8 f5 63. Rf8 Kg6 64. Rg8+ Kh6 65. Ra8 Kg5 66. Ra5 Rb6 67. Ra8 Rg6 68. Kh3 Rc6 69. Ra2 Rc3 70. Kg2 h4 71. gxh4+ Kxh4 72. Ra8 Kg4 73. Rg8+ Kf4 74. Rg7 Rc2 75. Re7 Re2 76. Ra7 Rb2 77. Ra3 Rd2 78. Rb3 Ke5 79. Rb8 Rd6 1/2-1/2

[Event "Cappelle op 11th"]
[Site "Cappelle la Grande"]
[Date "1995.??.??"]
[Round "1"]
[White "Nei, Iivo"]
[Black "Michna, Marta"]
[Result "1/2-1/2"]
[WhiteElo "2420"]
[BlackElo "2220"]
[PlyCount "69"]
[EventDate "1995.03.??"]
[EventType "swiss"]
[EventRounds "9"]
[EventCountry "FRA"]
[SourceTitle "EXT 1997"]
[Source "ChessBase"]
[SourceDate "1996.11.15"]
[SourceVersion "1"]
[SourceVersionDate "1996.11.15"]
[SourceQuality "1"]

1. d4 Nf6 2. Bg5 g6 3. Bxf6 exf6 4. e3 f5 5. Bd3 Bg7 6. c3 0-0 7. h4 d6 8. Nd2 h5 9. Ne2 Nd7 10. Nf4 Nf6 11. Qf3 c6 12. 0-0-0 d5 13. Kb1 a5 14. c4 a4 15. cxd5 cxd5 16. Rc1 Ne4 17. Qe2 Ra5 18. Ka1 Qd6 19. Nxe4 fxe4 20. Qd2 b6 21. Be2 Bh6 22. g3 Bd7 23. a3 Raa8 24. Qb4 Bxf4 25. gxf4 Qxb4 26. axb4 Rfc8 27. Ka2 Kf8 28. Ka3 Ke7 29. b5 Rxc1 30. Rxc1 Rc8 31. Rc3 Kd6 32. Kb4 Rg8 33. f3 exf3 34. Bxf3 Re8 35. Kxa4 1/2-1/2

[Event "Cappelle op 11th"]
[Site "Cappelle la Grande"]
[Date "1995.??.??"]
[Round "4"]
[White "Rashkovsky, Nukhim N"]
[Black "Nei, Iivo"]
[Result "0-1"]
[WhiteElo "2550"]
[BlackElo "2420"]
[PlyCount "87"]
[EventDate "1995.03.??"]
[EventType "swiss"]
[EventRounds "9"]
[EventCountry "FRA"]
[SourceTitle "EXT 1997"]
[Source "ChessBase"]
[SourceDate "1996.11.15"]
[SourceVersion "1"]
[SourceVersionDate "1996.11.15"]
[SourceQuality "1"]

1. d4 d5 2. Nf3 Bf5 3. Bf4 c6 4. e3 e6 5. Be2 h6 6. Nbd2 Nd7 7. Ne5 Nxe5 8. Bxe5 Nf6 9. c3 Nd7 10. Bg3 Qb6 11. b4 a5 12. a3 Be7 13. 0-0 Qd8 14. Nb3 a4 15. Nc5 Nxc5 16. dxc5 0-0 17. Qd4 Bf6 18. Be5 Bxe5 19. Qxe5 f6 20. Qd4 e5 21. Qd2 Be6 22. c4 Qe7 23. Qc2 Qf7 24. Rfd1 Rfd8 25. Rd2 dxc4 26. Rad1 Rxd2 27. Rxd2 Kf8 28. Rd6 Qe7 29. Qd2 Ke8 30. Kf1 Bf7 31. Ke1 h5 32. g3 h4 33. gxh4 c3 34. Qxc3 Rd8 35. Rxd8+ Qxd8 36. Qd3 Qe7 37. Bg4 g6 38. e4 Be6 39. Bd1 f5 40. Qg3 Qf6 41. Qg5 Qxg5 42. hxg5 fxe4 43. Bxa4 Bd5 44. Bd1 0-1

[Event "Cappelle op 10th"]
[Site "Cappelle la Grande"]
[Date "1994.??.??"]
[Round "4"]
[White "Nei, Iivo"]
[Black "Fominyh, Alexander"]
[Result "0-1"]
[WhiteElo "2405"]
[BlackElo "2515"]
[PlyCount "87"]
[EventDate "1994.02.??"]
[EventType "swiss"]
[EventRounds "9"]
[EventCountry "FRA"]
[SourceTitle "TD"]
[Source "ChessBase"]
[SourceDate "1994.03.01"]
[SourceVersion "1"]
[SourceVersionDate "1994.03.01"]
[SourceQuality "1"]

1. d4 Nf6 2. Bg5 Ne4 3. Bf4 c5 4. f3 Nf6 5. dxc5 b6 6. e4 bxc5 7. e5 Ng8 8. Nc3 Nc6 9. Bc4 e6 10. Nge2 Nge7 11. Bd3 Rb8 12. Qd2 Rxb2 13. 0-0 Ng6 14. Bb5 Nd4 15. Bd3 Nxe2+ 16. Nxe2 Nxf4 17. Qxf4 Rb4 18. Qg3 g6 19. a3 Rb6 20. Nc3 d5 21. Bb5+ Bd7 22. Bxd7+ Qxd7 23. Rad1 Qc6 24. Qg5 Qc7 25. Qf6 Rg8 26. Qh4 Bg7 27. f4 h5 28. Qf2 Bf8 29. Qe2 c4 30. a4 a6 31. Kh1 Bb4 32. Qf3 Kf8 33. Ne2 Bc5 34. Ng3 h4 35. Ne2 Rh8 36. Qg4 Rb2 37. c3 h3 38. gxh3 Qe7 39. Rb1 Qb7 40. Rxb2 Qxb2 41. Qf3 Qc2 42. Rc1 Qd3 43. Qxd3 cxd3 44. Ng3 0-1

[Event "Cappelle op 10th"]
[Site "Cappelle la Grande"]
[Date "1994.??.??"]
[Round "2"]
[White "Nei, Iivo"]
[Black "Ippolito, Manuel"]
[Result "1-0"]
[WhiteElo "2405"]
[BlackElo "2200"]
[PlyCount "23"]
[EventDate "1994.02.??"]
[EventType "swiss"]
[EventRounds "9"]
[EventCountry "FRA"]
[SourceTitle "EXT 1999"]
[Source "ChessBase"]
[SourceDate "1998.11.16"]
[SourceVersion "1"]
[SourceVersionDate "1998.11.16"]
[SourceQuality "1"]

1. d4 Nf6 2. Bg5 g6 3. Nd2 Bg7 4. e3 d6 5. Bd3 c5 6. c3 0-0 7. h3 Nc6 8. Ne2 e5 9. dxc5 dxc5 10. Ne4 Qe7 11. N2g3 b6 12. Qf3 1-0

[Event "Heart of Finland op 04th"]
[Site "Jyvaskyla"]
[Date "1994.??.??"]
[Round "?"]
[White "Nei, Iivo"]
[Black "Paasikangas Tella, Johanna"]
[Result "1-0"]
[WhiteElo "2410"]
[BlackElo "2175"]
[PlyCount "97"]
[EventDate "1994.07.??"]
[EventType "swiss"]
[EventRounds "9"]
[EventCountry "FIN"]
[SourceTitle "EXT 1997"]
[Source "ChessBase"]
[SourceDate "1996.11.15"]
[SourceVersion "1"]
[SourceVersionDate "1996.11.15"]
[SourceQuality "1"]

1. d4 Nf6 2. c4 g6 3. Nc3 Bg7 4. Nf3 0-0 5. Bf4 c5 6. e3 Qa5 7. Qd2 d6 8. Be2 Nbd7 9. h3 Re8 10. Bh2 cxd4 11. exd4 e5 12. Nb5 Qb6 13. c5 dxc5 14. dxe5 Ne4 15. Qd5 Qa5+ 16. Kf1 a6 17. Na3 Qb4 18. Nc4 Ndf6 19. exf6 Bxf6 20. a3 Qb3 21. Qd1 Qxd1+ 22. Rxd1 Be6 23. Ncd2 Rad8 24. Nxe4 Rxd1+ 25. Bxd1 Bc4+ 26. Kg1 Rxe4 27. b3 Be6 28. Bd6 c4 29. bxc4 Bxc4 30. Kh2 Bc3 31. Bc2 Re2 32. Bb1 b5 33. Rc1 Bf6 34. Rc2 Re6 35. Bb4 Bd8 36. Ba2 Bxa2 37. Rxa2 Bc7+ 38. g3 a5 39. Be1 Re4 40. Rc2 Bb6 41. Rc8+ Kg7 42. Rb8 Re6 43. Bc3+ Kh6 44. Nd4 Rf6 45. Bd2+ g5 46. Nf5+ Kg6 47. Ne7+ Kh5 48. g4+ Kh6 49. Nf5+ 1-0

[Event "Heart of Finland op 04th"]
[Site "Jyvaskyla"]
[Date "1994.??.??"]
[Round "?"]
[White "Nei, Iivo"]
[Black "Vorotnikov, Vladislav V"]
[Result "0-1"]
[WhiteElo "2410"]
[BlackElo "2465"]
[PlyCount "78"]
[EventDate "1994.07.??"]
[EventType "swiss"]
[EventRounds "9"]
[EventCountry "FIN"]
[SourceTitle "EXT 1997"]
[Source "ChessBase"]
[SourceDate "1996.11.15"]
[SourceVersion "1"]
[SourceVersionDate "1996.11.15"]
[SourceQuality "1"]

1. d4 d6 2. c4 e5 3. e3 Nc6 4. Nc3 g6 5. Nf3 Bg7 6. Be2 f5 7. 0-0 e4 8. Nd2 Nf6 9. b4 0-0 10. b5 Ne7 11. a4 g5 12. f3 exf3 13. Nxf3 h6 14. Kh1 Ng6 15. Bd3 Qe7 16. Qc2 Ne8 17. Bd2 c6 18. Rae1 Qf7 19. e4 f4 20. e5 Ne7 21. d5 cxd5 22. cxd5 Bf5 23. e6 Qg6 24. Ne4 Nxd5 25. Qb3 Ne7 26. Qb4 Rd8 27. Bb1 Nf6 28. Nxf6+ Bxf6 29. Ba2 Kh7 30. Nd4 Bd3 31. Rf3 Kh8 32. Bc3 Rc8 33. Bb2 Be4 34. Rf2 Nd5 35. Qxd6 Rfd8 36. Qa3 Ne3 37. e7 Rxd4 38. Bxd4 Bxd4 39. Qd6 Qxd6 0-1

[Event "Heart of Finland op 04th"]
[Site "Jyvaskyla"]
[Date "1994.??.??"]
[Round "?"]
[White "Shneider, Aleksandr"]
[Black "Nei, Iivo"]
[Result "0-1"]
[WhiteElo "2535"]
[BlackElo "2410"]
[PlyCount "70"]
[EventDate "1994.07.??"]
[EventType "swiss"]
[EventRounds "9"]
[EventCountry "FIN"]
[SourceTitle "EXT 1997"]
[Source "ChessBase"]
[SourceDate "1996.11.15"]
[SourceVersion "1"]
[SourceVersionDate "1996.11.15"]
[SourceQuality "1"]

1. d4 d5 2. Nf3 Bf5 3. c4 e6 4. Nc3 c6 5. Qb3 Qc7 6. Bf4 dxc4 7. Bxc7 cxb3 8. e4 Bg6 9. axb3 Bb4 10. Nd2 Nf6 11. f3 0-0 12. Bc4 Nbd7 13. 0-0 Nb6 14. Rfd1 Rfc8 15. Be5 Nfd7 16. Bg3 Nf8 17. Bf1 f5 18. exf5 Bxf5 19. Nce4 Rd8 20. Nc4 Nd5 21. Ned6 Rd7 22. Nxf5 exf5 23. Ne5 Rdd8 24. Bc4 Ne6 25. Bf2 Kf8 26. Nd3 Nef4 27. Nxb4 Nxb4 28. d5 Nfxd5 29. Bc5+ Ke8 30. Re1+ Kd7 31. Rad1 Kc8 32. Re5 a5 33. Rxf5 b6 34. Bf2 Ra7 35. g4 Rad7 0-1

[Event "Cappelle op 09th"]
[Site "Cappelle la Grande"]
[Date "1993.??.??"]
[Round "5"]
[White "Kraschl, Joerg"]
[Black "Nei, Iivo"]
[Result "0-1"]
[WhiteElo "2225"]
[BlackElo "2395"]
[PlyCount "144"]
[EventDate "1993.02.??"]
[EventType "swiss"]
[EventRounds "9"]
[EventCountry "FRA"]
[SourceTitle "TD"]
[Source "ChessBase"]
[SourceDate "1994.03.01"]
[SourceVersion "1"]
[SourceVersionDate "1994.03.01"]
[SourceQuality "1"]

1. Nf3 d5 2. g3 g6 3. Bg2 Bg7 4. 0-0 e5 5. d3 Ne7 6. Nbd2 0-0 7. e4 d4 8. Nc4 b5 9. Ncd2 a5 10. a4 c6 11. Nb3 Nd7 12. Bd2 b4 13. Bc1 Nb6 14. Nbd2 f5 15. exf5 gxf5 16. Nh4 Be6 17. Re1 Qd6 18. Ndf3 Bd5 19. Bg5 Rae8 20. Bh3 Nbc8 21. Nd2 Qc5 22. b3 Nd6 23. Nc4 Bxc4 24. bxc4 Ng6 25. Qh5 Nxh4 26. Qxh4 Rf7 27. Bh6 e4 28. Bxg7 Rxg7 29. Rad1 Qe5 30. Qh5 c5 31. Kh1 e3 32. Re2 Qf6 33. Qf3 Kh8 34. fxe3 Qh6 35. Bxf5 Rxe3 36. Rxe3 Qxe3 37. Bg4 Qxf3+ 38. Bxf3 Nf5 39. Kg1 Ne3 40. Rd2 Rf7 41. Bg2 Kg7 42. h3 Rf6 43. Re2 h6 44. Kh2 Nf1+ 45. Bxf1 Rxf1 46. Kg2 Ra1 47. Kf3 Rxa4 48. Re7+ Kf6 49. Ra7 Ke5 50. Re7+ Kd6 51. Rh7 Ra2 52. Rxh6+ Ke7 53. Rh7+ Kf6 54. Rh6+ Kg7 55. Ra6 a4 56. Ke4 a3 57. Kd5 Rxc2 58. Kxc5 Rb2 59. Kxd4 a2 60. c5 b3 61. Kc3 Rb1 62. d4 a1Q+ 63. Rxa1 Rxa1 64. Kxb3 Kf6 65. Kc4 Ra3 66. Kd5 Ke7 67. Kc6 Rxg3 68. d5 Kd8 69. h4 Rh3 70. Kb7 Kd7 71. Kb6 Rb3+ 72. Ka5 Rd3 0-1